[Event "HUN-chT2 Charousek 1819"]
[Site "Hungary"]
[Date "2018.09.23"]
[Round "1.5"]
[White "Biro, David"]
[Black "Petrusic, Toni"]
[Result "1/2-1/2"]
[WhiteElo "2235"]
[BlackElo "2281"]
[PlyCount "106"]
[EventDate "2018.09.23"]
[EventType "team-tourn"]
[EventRounds "11"]
[EventCountry "HUN"]
[SourceTitle "CBM 189 Extra"]
[Source "ChessBase"]
[SourceDate "2019.06.03"]
[SourceVersion "1"]
[SourceVersionDate "2019.06.03"]
[SourceQuality "1"]
[WhiteTeam "Budapest HUSI"]
[BlackTeam "Tapolca Varosi"]
[WhiteTeamCountry "HUN"]
[BlackTeamCountry "HUN"]

1. Nf3 Nf6 2. g3 g6 3. Bg2 Bg7 4. 0-0 0-0 5. d3 d5 6. Nbd2 c5 7. e4 Nc6 8. c3 b6 9. Re1 Bb7 10. e5 Ne8 11. Nb3 a5 12. a4 Nc7 13. d4 c4 14. Nbd2 b5 15. axb5 Nxb5 16. Nf1 Qb6 17. Ne3 Nc7 18. h4 Rad8 19. h5 Bc8 20. Nh4 e6 21. Ng4 Ne8 22. Bg5 Rd7 23. Qd2 Ne7 24. Nf6+ Bxf6 25. exf6 Nf5 26. g4 Nxh4 27. Bxh4 Rb7 28. Bxd5 Qxb2 29. Qxb2 Rxb2 30. Bxc4 Nd6 31. Bd3 Rd8 32. hxg6 hxg6 33. Rxa5 Bb7 34. Bg3 Rd2 35. Bb1 Nc4 36. Rc5 Na3 37. Bf4 Rb2 38. Be4 Nc2 39. Re2 Rb1+ 40. Kh2 Bxe4 41. Rxe4 Ne1 42. Re3 Rd1 43. Bg3 Ra8 44. Rb5 Nc2 45. Re2 Ne1 46. Rb8+ Rxb8 47. Bxb8 g5 48. Re3 Kh7 49. Be5 Nd3 50. Kg2 Rd2 51. Rh3+ Kg6 52. Rh8 Nxe5 53. dxe5 Rxf2+ 1/2-1/2

[Event "HUN-chT2 Charousek 1819"]
[Site "Hungary"]
[Date "2018.09.23"]
[Round "1.4"]
[White "Markoja, Boris"]
[Black "Biro, David"]
[Result "1-0"]
[WhiteElo "2456"]
[BlackElo "2235"]
[PlyCount "87"]
[EventDate "2018.09.23"]
[EventType "team-tourn"]
[EventRounds "11"]
[EventCountry "HUN"]
[SourceTitle "CBM 189 Extra"]
[Source "ChessBase"]
[SourceDate "2019.06.03"]
[SourceVersion "1"]
[SourceVersionDate "2019.06.03"]
[SourceQuality "1"]
[WhiteTeam "Aquaprofit Nagykanizsa II"]
[BlackTeam "Budapest HUSI"]
[WhiteTeamCountry "HUN"]
[BlackTeamCountry "HUN"]

1. d4 g6 2. c4 Bg7 3. e4 d6 4. Nc3 e5 5. Nf3 exd4 6. Nxd4 Ne7 7. Be2 0-0 8. 0-0 Nbc6 9. Be3 f5 10. Nxc6 Nxc6 11. exf5 Rxf5 12. Qd2 Kh8 13. Rad1 Be6 14. f4 Qg8 15. Nd5 Rf7 16. Bf3 Re8 17. Rde1 Qf8 18. b3 Rd7 19. Bf2 Bxd5 20. cxd5 Nd8 21. g3 b6 22. Be2 Rde7 23. Bb5 Rxe1 24. Rxe1 Rxe1+ 25. Qxe1 Bf6 26. Kg2 Kg7 27. Qe4 Qe7 28. Kf3 Qxe4+ 29. Kxe4 Nb7 30. g4 Nc5+ 31. Kf3 a6 32. Be2 a5 33. Be1 a4 34. b4 Nb3 35. Bd1 Nc1 36. Bxa4 Nxa2 37. Bb3 Bc3 38. Bxc3+ Nxc3 39. Ke3 Kf6 40. g5+ Kg7 41. Kd3 Nb5 42. Ba4 Na3 43. h4 b5 44. Bb3 1-0

[Event "HUN-chT 1718"]
[Site "Hungary"]
[Date "2017.11.26"]
[Round "2.11"]
[White "Boros, Daniel"]
[Black "Biro, David"]
[Result "1/2-1/2"]
[WhiteElo "2272"]
[BlackElo "2222"]
[PlyCount "22"]
[EventDate "2017.11.25"]
[EventType "team-tourn"]
[EventRounds "9"]
[EventCountry "HUN"]
[SourceTitle "CBM 181 Extra"]
[Source "ChessBase"]
[SourceDate "2017.12.12"]
[SourceVersion "1"]
[SourceVersionDate "2017.12.12"]
[SourceQuality "1"]
[WhiteTeam "Budapest MTK"]
[BlackTeam "Husi"]
[WhiteTeamCountry "HUN"]
[BlackTeamCountry "HUN"]

1. e4 d6 2. d4 g6 3. Nf3 Nf6 4. Nc3 Bg7 5. h3 0-0 6. Be3 c6 7. Qd2 b5 8. Bd3 Qc7 9. a3 a6 10. 0-0 Nbd7 11. Rfe1 Qd8 1/2-1/2

[Event "HUN-chT 1516"]
[Site "Hungary"]
[Date "2015.11.08"]
[Round "2"]
[White "Biro, David"]
[Black "Vicsai, Gabor"]
[Result "1/2-1/2"]
[WhiteElo "2251"]
[BlackElo "2260"]
[PlyCount "103"]
[EventDate "2015.11.07"]
[EventType "team-tourn"]
[EventRounds "11"]
[EventCountry "HUN"]
[SourceTitle "CBM 169 Extra"]
[Source "ChessBase"]
[SourceDate "2015.12.18"]
[SourceVersion "1"]
[SourceVersionDate "2015.12.18"]
[SourceQuality "1"]
[WhiteTeam "Husi"]
[BlackTeam "Kobanya Aquarena"]
[WhiteTeamCountry "HUN"]
[BlackTeamCountry "HUN"]

1. d4 Nf6 2. c4 g6 3. Nc3 d5 4. cxd5 Nxd5 5. Bd2 Bg7 6. e4 Nb6 7. Be3 0-0 8. Nf3 Bg4 9. Be2 Nc6 10. d5 Bxf3 11. Bxf3 Ne5 12. Be2 c6 13. Qb3 Ned7 14. dxc6 bxc6 15. 0-0 Qc7 16. Rac1 Rab8 17. Qc2 Qb7 18. f4 c5 19. e5 c4 20. Bf3 Qa6 21. Rfd1 Rfc8 22. Qf2 e6 23. Rd6 Bf8 24. Rcd1 Bxd6 25. Rxd6 Qa5 26. Bc6 Rxc6 27. Rxc6 Nd5 28. Nxd5 exd5 29. Bd4 Qxa2 30. h3 Nf8 31. e6 Nxe6 32. Be5 Rf8 33. Kh2 Qb1 34. Qxa7 Qf5 35. Qd7 d4 36. Rc8 d3 37. Rxc4 h5 38. Rc8 f6 39. Rxf8+ Nxf8 40. Qxf5 gxf5 41. Bc3 Kf7 42. Kg3 Ke6 43. Kf3 Kd5 44. Ke3 Kc4 45. Bxf6 Ne6 46. Be5 Nc5 47. Bc3 Na4 48. Bf6 Nc5 49. Be5 Kb3 50. Kd2 Kc4 51. Ke3 Kb3 52. Kd2 1/2-1/2

[Event "HUN-chT 1415"]
[Site "Hungary"]
[Date "2015.03.22"]
[Round "8.3"]
[White "Ribli, Zoltan"]
[Black "Biro, David"]
[Result "1/2-1/2"]
[WhiteElo "2560"]
[BlackElo "2218"]
[PlyCount "57"]
[EventDate "2014.10.12"]
[EventType "team-tourn"]
[EventRounds "9"]
[EventCountry "HUN"]
[SourceTitle "EXT 2016"]
[Source "ChessBase"]
[SourceDate "2015.10.08"]
[SourceVersion "1"]
[SourceVersionDate "2015.10.08"]
[SourceQuality "1"]
[WhiteTeam "Aquaprofit"]
[BlackTeam "Husi"]
[WhiteTeamCountry "HUN"]
[BlackTeamCountry "HUN"]

1. Nf3 g6 2. e4 d6 3. d4 Bg7 4. Be2 Nf6 5. Nc3 0-0 6. 0-0 Na6 7. d5 Nb8 8. h3 e5 9. Re1 Ne8 10. a4 a5 11. Bg5 Bf6 12. Be3 Be7 13. Nh2 Bg5 14. Qd2 Bxe3 15. Qxe3 Na6 16. f4 exf4 17. Qxf4 Nb4 18. Rac1 Nf6 19. Nb5 Nd7 20. c3 Na6 21. Ng4 h5 22. Nh6+ Kg7 23. Rf1 Ne5 24. Nd4 Qe7 25. g4 hxg4 26. Nxg4 Bxg4 27. Bxg4 Nxg4 28. hxg4 Nc5 29. Rce1 1/2-1/2

[Event "HUN-chT 1415"]
[Site "Hungary"]
[Date "2015.01.25"]
[Round "5.2"]
[White "Popovics, Adam"]
[Black "Biro, David"]
[Result "1-0"]
[WhiteElo "2407"]
[BlackElo "2218"]
[PlyCount "91"]
[EventDate "2014.10.12"]
[EventType "team-tourn"]
[EventRounds "9"]
[EventCountry "HUN"]
[SourceTitle "EXT 2016"]
[Source "ChessBase"]
[SourceDate "2015.10.08"]
[SourceVersion "1"]
[SourceVersionDate "2015.10.08"]
[SourceQuality "1"]
[WhiteTeam "Dunaharaszti"]
[BlackTeam "Husi"]
[WhiteTeamCountry "HUN"]
[BlackTeamCountry "HUN"]

1. d4 Nf6 2. Nf3 g6 3. c4 Bg7 4. Nc3 0-0 5. e4 d6 6. Be2 Na6 7. 0-0 e5 8. Be3 Ng4 9. Bg5 f6 10. Bh4 h5 11. h3 Nh6 12. Bg3 Nf7 13. Rb1 c5 14. dxc5 dxc5 15. Nd5 Nc7 16. Nh4 Nxd5 17. exd5 Kh7 18. f4 exf4 19. Bxf4 f5 20. Bg3 Qg5 21. Bf2 Re8 22. Nf3 Qe7 23. Re1 Qd6 24. b4 b6 25. bxc5 bxc5 26. Qa4 Bd7 27. Qa5 Rac8 28. Rb7 Re7 29. Rxa7 Bh6 30. Ra6 Qf4 31. Bf1 Rxe1 32. Nxe1 Bg7 33. Nd3 Qg5 34. Nxc5 Rxc5 35. Qxc5 Ne5 36. Ra3 f4 37. Kh1 Bf5 38. Ra7 Nd7 39. Qa3 Kh6 40. c5 Nf6 41. Rxg7 Kxg7 42. Qa7+ Kh6 43. h4 Qg4 44. Qe7 Qd1 45. Qxf6 Qxf1+ 46. Kh2 1-0

[Event "HUN-chT 1415"]
[Site "Hungary"]
[Date "2014.11.16"]
[Round "2.5"]
[White "Biro, David"]
[Black "Meszaros, Michal"]
[Result "1/2-1/2"]
[WhiteElo "2218"]
[BlackElo "2410"]
[PlyCount "63"]
[EventDate "2014.10.12"]
[EventType "team-tourn"]
[EventRounds "9"]
[EventCountry "HUN"]
[SourceTitle "CBM 163 Extra"]
[Source "ChessBase"]
[SourceDate "2014.12.23"]
[SourceVersion "1"]
[SourceVersionDate "2014.12.23"]
[SourceQuality "1"]
[WhiteTeam "Husi"]
[BlackTeam "HVSE Infraplan"]
[WhiteTeamCountry "HUN"]
[BlackTeamCountry "HUN"]

1. d4 d5 2. c4 dxc4 3. Nf3 Nf6 4. Nc3 a6 5. a4 Nc6 6. e3 Bg4 7. Bxc4 e6 8. Be2 Bd6 9. 0-0 0-0 10. h3 Bh5 11. Ng5 Bg6 12. Bd3 Bxd3 13. Qxd3 e5 14. Nd5 g6 15. Nxf6+ Qxf6 16. Ne4 Qe7 17. d5 Nb4 18. Qb3 f5 19. Bd2 a5 20. Nxd6 Qxd6 21. Bxb4 axb4 22. Rac1 Rfd8 23. Rfd1 Ra5 24. Qc4 Rd7 25. b3 Rxd5 26. Rxd5 Qxd5 27. Qxd5+ Rxd5 28. Rxc7 Rd3 29. Rxb7 Rxb3 30. a5 Ra3 31. Rxb4 Rxa5 32. Rb7 1/2-1/2

[Event "Gyor op-A 5th"]
[Site "Gyor"]
[Date "2014.07.12"]
[Round "6"]
[White "Machlik, Monika"]
[Black "Biro, David"]
[Result "0-1"]
[WhiteElo "1979"]
[BlackElo "2214"]
[PlyCount "66"]
[EventDate "2014.07.09"]
[EventType "swiss"]
[EventRounds "9"]
[EventCountry "HUN"]
[SourceTitle "EXT 2016"]
[Source "ChessBase"]
[SourceDate "2015.10.08"]
[SourceVersion "1"]
[SourceVersionDate "2015.10.08"]
[SourceQuality "1"]

1. d4 Nf6 2. c4 c5 3. d5 b5 4. Qc2 d6 5. e4 b4 6. b3 e5 7. g3 Be7 8. h4 h6 9. Bh3 Bxh3 10. Rxh3 Qc8 11. Kf1 Nh5 12. Kg2 Qg4 13. f3 Qg6 14. Ne2 Nd7 15. Be3 Nf4+ 16. Bxf4 exf4 17. Nd2 fxg3 18. Nxg3 Nf6 19. Kh2 Nh5 20. Nxh5 Qxh5 21. Rg1 Qe5+ 22. Kh1 h5 23. Qd3 Bf6 24. Nf1 g6 25. Qd2 Ke7 26. Rg2 Rhe8 27. Re2 Qa1 28. Re1 Qc3 29. Qxc3 Bxc3 30. Re3 a5 31. Kg2 a4 32. bxa4 Rxa4 33. Kg3 Rxa2 0-1

[Event "Gyor op-A 5th"]
[Site "Gyor"]
[Date "2014.07.10"]
[Round "3"]
[White "Biro, David"]
[Black "Vertetics, Attila"]
[Result "1/2-1/2"]
[WhiteElo "2214"]
[BlackElo "2416"]
[PlyCount "64"]
[EventDate "2014.07.09"]
[EventType "swiss"]
[EventRounds "9"]
[EventCountry "HUN"]
[SourceTitle "EXT 2016"]
[Source "ChessBase"]
[SourceDate "2015.10.08"]
[SourceVersion "1"]
[SourceVersionDate "2015.10.08"]
[SourceQuality "1"]

1. d4 Nf6 2. c4 e6 3. Nf3 Bb4+ 4. Nbd2 b6 5. g3 Bb7 6. Bg2 0-0 7. 0-0 a5 8. Ne1 Bxg2 9. Nxg2 d5 10. cxd5 Qxd5 11. Nf3 Nc6 12. Bf4 Bd6 13. Ne3 Qb5 14. Bxd6 cxd6 15. a4 Qa6 16. d5 exd5 17. Nxd5 Nxd5 18. Qxd5 Nb4 19. Qd2 d5 20. Nd4 Qc8 21. Qg5 Qd7 22. Rfd1 Rfe8 23. e3 Rac8 24. Rd2 Rc5 25. Nf5 f6 26. Qg4 Kf8 27. Qf4 Re5 28. Nd4 Qe8 29. Nf3 Re6 30. Ng5 Re5 31. Nf3 Re6 32. Ng5 Re5 1/2-1/2

[Event "Gyor op-A 5th"]
[Site "Gyor"]
[Date "2014.07.09"]
[Round "1"]
[White "Biro, David"]
[Black "Machlik, Edit"]
[Result "1/2-1/2"]
[WhiteElo "2214"]
[BlackElo "1913"]
[PlyCount "78"]
[EventDate "2014.07.09"]
[EventType "swiss"]
[EventRounds "9"]
[EventCountry "HUN"]
[SourceTitle "EXT 2016"]
[Source "ChessBase"]
[SourceDate "2015.10.08"]
[SourceVersion "1"]
[SourceVersionDate "2015.10.08"]
[SourceQuality "1"]

1. d4 Nf6 2. c4 e6 3. Nf3 Bb4+ 4. Nbd2 0-0 5. g3 b6 6. Bg2 Bb7 7. 0-0 Bxd2 8. Bxd2 d6 9. Bg5 Nbd7 10. Qc2 h6 11. Bxf6 Nxf6 12. Rfd1 Qe7 13. Nh4 c5 14. dxc5 dxc5 15. Rd2 Rfd8 16. Rad1 Bxg2 17. Nxg2 Qc7 18. Nf4 Kf8 19. Qc3 Ke7 20. Qf3 Rxd2 21. Rxd2 Rd8 22. Rxd8 Qxd8 23. Nd3 Qd4 24. Qb7+ Qd7 25. Qa8 Qc7 26. b3 a5 27. h3 Qd6 28. Qb7+ Nd7 29. Nb2 Qd2 30. Na4 Qd6 31. Kg2 Kf6 32. e4 Qd4 33. e5+ Kxe5 34. Nxb6 Nxb6 35. Qxb6 Qe4+ 36. Kh2 Qd4 37. Qc7+ Kf6 38. Kg2 Qe4+ 39. Kh2 Qd4 1/2-1/2

[Event "HUN-chT2 Charousek 1314"]
[Site "Hungary"]
[Date "2014.03.02"]
[Round "8"]
[White "Keschitz, Gyorgy"]
[Black "Biro, David"]
[Result "0-1"]
[WhiteElo "2277"]
[BlackElo "2175"]
[PlyCount "88"]
[EventDate "2013.09.08"]
[EventType "team-tourn"]
[EventRounds "11"]
[EventCountry "HUN"]
[SourceTitle "EXT 2016"]
[Source "ChessBase"]
[SourceDate "2015.10.08"]
[SourceVersion "1"]
[SourceVersionDate "2015.10.08"]
[SourceQuality "1"]
[WhiteTeam "Budapest EAC"]
[BlackTeam "Budapest HUSI"]
[WhiteTeamCountry "HUN"]
[BlackTeamCountry "HUN"]

1. Nf3 d6 2. g3 g6 3. Bg2 Bg7 4. 0-0 Nf6 5. d3 0-0 6. e4 e5 7. Re1 c6 8. a4 Nbd7 9. a5 Qc7 10. Nbd2 Rb8 11. b3 b5 12. axb6 axb6 13. Nc4 b5 14. Na5 c5 15. Bd2 Nb6 16. Qe2 b4 17. Ra2 Bd7 18. Rea1 Ra8 19. c3 bxc3 20. Bxc3 Rfb8 21. Qd2 h6 22. b4 cxb4 23. Bxb4 Bb5 24. Bh3 Nbd7 25. Rc1 Qb6 26. Rb2 Bf8 27. Rcb1 Qa6 28. Ne1 Rb6 29. Bg2 Rab8 30. d4 Rc8 31. d5 Nc5 32. Bxc5 Rxc5 33. Nd3 Rc8 34. Nc6 Rbxc6 35. Rxb5 Rc4 36. f3 Rd4 37. Bf1 Qa7 38. Kh1 Ra8 39. Qe2 Qc7 40. Nb4 Qc3 41. Rb2 Nd7 42. Rc2 Qa1 43. Rc7 Rd2 44. Qc4 Qd1 0-1

[Event "HUN-chT2 Breyer 1213"]
[Site "Hungary"]
[Date "2012.10.07"]
[Round "2.5"]
[White "Biro, David"]
[Black "Dios, Istvan"]
[Result "1/2-1/2"]
[WhiteElo "2163"]
[BlackElo "1964"]
[PlyCount "136"]
[EventDate "2012.09.16"]
[EventType "team-tourn"]
[EventRounds "11"]
[EventCountry "HUN"]
[SourceTitle "EXT 2014"]
[Source "ChessBase"]
[SourceDate "2013.11.20"]
[SourceVersion "1"]
[SourceVersionDate "2013.11.20"]
[SourceQuality "1"]
[WhiteTeam "Husi"]
[BlackTeam "MAV Elore"]
[WhiteTeamCountry "HUN"]
[BlackTeamCountry "HUN"]

1. d4 d5 2. c4 dxc4 3. e4 e5 4. d5 Nf6 5. Nc3 Bc5 6. Bxc4 a6 7. Nf3 b5 8. Bd3 Nbd7 9. a3 0-0 10. 0-0 Re8 11. Bd2 Bb7 12. b4 Bd6 13. Rc1 Rc8 14. Be3 c6 15. dxc6 Rxc6 16. Bb1 Nb6 17. Qb3 Bc8 18. Nd5 Rxc1 19. Rxc1 Nbxd5 20. exd5 e4 21. Nd2 Bb7 22. Bd4 Be5 23. Bxe5 Rxe5 24. Qg3 Rxd5 25. Nf1 Rd6 26. h3 Rc6 27. Re1 Qc7 28. Rd1 h6 29. Qh4 Rd6 30. Qf4 Ne8 31. Rxd6 Qxd6 32. Qe3 Nf6 33. Qa7 Qc6 34. Ba2 Nd7 35. Qd4 Nf6 36. Qd8+ Qe8 37. Qb6 Qc6 38. Qd8+ Qe8 39. Qb6 Qc8 40. Ne3 Qd7 41. Bb3 Bc8 42. Qc5 Kh7 43. Bxf7 Bb7 44. Qf8 Qc8 45. Qxc8 Bxc8 46. Nd5 Nd7 47. Be6 Nb6 48. Bxc8 Nxc8 49. Nc7 Nb6 50. Nxa6 Nc4 51. Kf1 Nxa3 52. Ke2 Kg6 53. Ke3 Kf5 54. Kd4 Kf4 55. Nc5 Nc2+ 56. Kc3 Ne1 57. Ne6+ Ke5 58. Nd4 Nxg2 59. Nxb5 e3 60. fxe3 Nxe3 61. Nc7 Nd5+ 62. Nxd5 Kxd5 63. Kd3 g5 64. Ke3 h5 65. b5 Kc5 66. Ke4 Kxb5 67. Kf5 g4 68. hxg4 hxg4 1/2-1/2

[Event "HUN-chT2 Charousek 1112"]
[Site "Hungary"]
[Date "2012.03.11"]
[Round "7"]
[White "Biro, David"]
[Black "Istvanovszky, Kalman"]
[Result "1/2-1/2"]
[WhiteElo "2182"]
[BlackElo "2235"]
[PlyCount "150"]
[EventDate "2011.09.25"]
[EventType "team-tourn"]
[EventRounds "11"]
[EventCountry "HUN"]
[SourceTitle "EXT 2013"]
[Source "ChessBase"]
[SourceDate "2012.11.22"]
[SourceVersion "1"]
[SourceVersionDate "2012.11.22"]
[SourceQuality "1"]
[WhiteTeam "Veszprem"]
[BlackTeam "Penzugyor II"]
[WhiteTeamCountry "HUN"]
[BlackTeamCountry "HUN"]

1. d4 Nf6 2. c4 c5 3. d5 b5 4. cxb5 a6 5. b6 Bb7 6. Nc3 d6 7. a4 Qxb6 8. Nf3 Nbd7 9. a5 Qc7 10. e4 g6 11. h3 Bg7 12. Bc4 0-0 13. 0-0 h6 14. Be3 Rfb8 15. Ra2 Bc8 16. Nd2 Rb4 17. Be2 Rab8 18. Nc4 Ne8 19. f4 Kh7 20. Bd3 Bd4 21. Qf3 Ndf6 22. Kh1 e6 23. f5 e5 24. fxg6+ fxg6 25. Bc1 Qg7 26. Nxd6 Nxd6 27. Qxf6 c4 28. Bc2 Qxf6 29. Rxf6 Nb5 30. Nxb5 R4xb5 31. Rf7+ Kg8 32. Rc7 Rc5 33. Rxc5 Bxc5 34. Bxh6 Bd7 35. Bd2 Bb4 36. Bxb4 Rxb4 37. Kg1 Kf7 38. Kf2 Kf6 39. Ke2 Kg5 40. Kf3 Kh4 41. Kf2 Kg5 42. Kg3 Kf6 43. h4 Ke7 44. Kf3 Kd6 45. Ke3 Kc5 46. Bd1 Rb8 47. g4 Rh8 48. h5 gxh5 49. gxh5 Be8 50. Ra1 Bxh5 51. Bxh5 Rxh5 52. Rd1 Rh3+ 53. Kd2 Rh4 54. Kc2 Kd6 55. Re1 Kc5 56. Re2 Rg4 57. Kc3 Rg3+ 58. Kc2 Rg4 59. Kc3 Rg3+ 60. Kc2 Rg4 61. b3 cxb3+ 62. Kxb3 Rg3+ 63. Ka4 Rg4 64. Rc2+ Kd4 65. Re2 Kd3 66. Re1 Kd2 67. Rh1 Rxe4+ 68. Kb3 Rd4 69. Rh6 Rxd5 70. Rxa6 e4 71. Kc4 Rd8 72. Re6 e3 73. Kb5 e2 74. a6 Rd3 75. a7 Ra3 1/2-1/2

[Event "HUN-chT2 Charousek 1112"]
[Site "Hungary"]
[Date "2012.02.19"]
[Round "6"]
[White "Horvath, Andras"]
[Black "Biro, David"]
[Result "1/2-1/2"]
[WhiteElo "2308"]
[BlackElo "2182"]
[PlyCount "63"]
[EventDate "2011.09.25"]
[EventType "team-tourn"]
[EventRounds "11"]
[EventCountry "HUN"]
[SourceTitle "EXT 2013"]
[Source "ChessBase"]
[SourceDate "2012.11.22"]
[SourceVersion "1"]
[SourceVersionDate "2012.11.22"]
[SourceQuality "1"]
[WhiteTeam "MLTC II"]
[BlackTeam "Veszprem"]
[WhiteTeamCountry "HUN"]
[BlackTeamCountry "HUN"]

1. Nf3 g6 2. g3 Bg7 3. Bg2 Nf6 4. c4 0-0 5. 0-0 d6 6. d4 Nbd7 7. Nc3 e5 8. h3 exd4 9. Nxd4 Nb6 10. b3 d5 11. c5 Ne4 12. Bb2 Nxc5 13. Ba3 Nbd7 14. Nxd5 c6 15. Ne3 Qf6 16. Bb2 Re8 17. Nc4 Qe7 18. Qc2 Nb6 19. Rad1 Nxc4 20. Qxc4 Ne4 21. e3 h5 22. Rfe1 Ng5 23. h4 Ne4 24. Qc2 Kh7 25. Bxe4 Qxe4 26. Qxe4 Rxe4 27. Nf3 Re8 28. Ng5+ Kg8 29. Bxg7 Kxg7 30. Rd6 f6 31. Nf3 Bg4 32. Kg2 1/2-1/2

[Event "HUN-chT2 Charousek 1112"]
[Site "Hungary"]
[Date "2012.01.29"]
[Round "5"]
[White "Bartha, Sandor"]
[Black "Biro, David"]
[Result "1-0"]
[WhiteElo "2209"]
[BlackElo "2182"]
[PlyCount "127"]
[EventDate "2011.09.25"]
[EventType "team-tourn"]
[EventRounds "11"]
[EventCountry "HUN"]
[SourceTitle "EXT 2013"]
[Source "ChessBase"]
[SourceDate "2012.11.22"]
[SourceVersion "1"]
[SourceVersionDate "2012.11.22"]
[SourceQuality "1"]
[WhiteTeam "Balatonfuered"]
[BlackTeam "Veszprem"]
[WhiteTeamCountry "HUN"]
[BlackTeamCountry "HUN"]

1. d4 Nf6 2. Nf3 g6 3. g3 Bg7 4. Bg2 0-0 5. 0-0 d6 6. c4 Nbd7 7. Nc3 e5 8. Bg5 h6 9. Bxf6 Bxf6 10. dxe5 dxe5 11. Qd2 Bg7 12. Rfd1 c6 13. e4 Qe7 14. Bh3 Nb6 15. Bxc8 Raxc8 16. b3 Rcd8 17. Qe3 Qa3 18. Qe2 Qa5 19. Qc2 Bf6 20. Rxd8 Rxd8 21. Rd1 Rxd1+ 22. Nxd1 Kg7 23. Kg2 Qc5 24. Qd2 a5 25. Nb2 Qa3 26. Nd3 a4 27. Ndxe5 axb3 28. axb3 Qxb3 29. Ng4 Qc3 30. Qxh6+ Kg8 31. Nxf6+ Qxf6 32. e5 Qg7 33. Qf4 Nd7 34. Qd4 Nf8 35. Qd8 g5 36. g4 Qg6 37. Qxg5 Qxg5 38. Nxg5 Ng6 39. Nf3 b5 40. cxb5 cxb5 41. Kf1 Nf4 42. Ke1 b4 43. Kd2 b3 44. Kc3 Nh3 45. Kxb3 Nxf2 46. g5 Kg7 47. Kc4 Kg6 48. Kd5 Kf5 49. Kd6 Nh3 50. Ke7 Kg6 51. Kf8 Nf4 52. h4 Nd3 53. Ke7 Nf4 54. Kd6 Kf5 55. Ke7 Kg6 56. Kf8 Nd3 57. Ke7 Nf4 58. Kd6 Kf5 59. Nd4+ Kg4 60. Ke7 Ng6+ 61. Kf6 Nxh4 62. Nc6 Nf3 63. e6 fxe6 64. g6 1-0

[Event "HUN-chT2 Charousek 1112"]
[Site "Hungary"]
[Date "2011.09.25"]
[Round "1"]
[White "Bognar, Csaba"]
[Black "Biro, David"]
[Result "1/2-1/2"]
[WhiteElo "2258"]
[BlackElo "2182"]
[PlyCount "88"]
[EventDate "2011.09.25"]
[EventType "team-tourn"]
[EventRounds "11"]
[EventCountry "HUN"]
[SourceTitle "EXT 2013"]
[Source "ChessBase"]
[SourceDate "2012.11.22"]
[SourceVersion "1"]
[SourceVersionDate "2012.11.22"]
[SourceQuality "1"]
[WhiteTeam "Budapest MTK"]
[BlackTeam "Veszprem"]
[WhiteTeamCountry "HUN"]
[BlackTeamCountry "HUN"]

1. d4 Nf6 2. Nf3 g6 3. g3 Bg7 4. Bg2 0-0 5. 0-0 d6 6. Nbd2 Nbd7 7. e4 e5 8. c3 c6 9. Qc2 Qc7 10. b3 d5 11. Nxe5 Nxe5 12. dxe5 Nxe4 13. Nxe4 dxe4 14. Ba3 Re8 15. Bd6 Qa5 16. b4 Qa3 17. b5 Qa5 18. bxc6 bxc6 19. Qxe4 Bf5 20. Qb4 Qxb4 21. cxb4 Bxe5 22. Bxe5 Rxe5 23. Bxc6 Rb8 24. a3 Rb6 25. Rac1 a5 26. bxa5 Rxa5 27. Rc3 Be6 28. Rd1 Kg7 29. Ra1 Rb2 30. a4 Bd5 31. Bxd5 Rxd5 32. a5 Rdd2 33. Rf3 Ra2 34. Rb1 Rxa5 35. Rb7 Rf5 36. Rxf5 gxf5 37. Rb6 f6 38. Kg2 Kg6 39. Kf3 Rd3+ 40. Kf4 Rd4+ 41. Ke3 Ra4 42. Rb8 Ra3+ 43. Kf4 Ra4+ 44. Ke3 Ra3+ 1/2-1/2

[Event "HUN-chT2 Szechenyi 1011"]
[Site "Hungary"]
[Date "2011.05.15"]
[Round "11.2"]
[White "Zorkoczy, Gyorgy"]
[Black "Biro, David"]
[Result "0-1"]
[WhiteElo "2040"]
[BlackElo "2211"]
[PlyCount "26"]
[EventDate "2010.09.12"]
[EventType "team-tourn"]
[EventRounds "11"]
[EventCountry "HUN"]
[SourceTitle "EXT 2012"]
[Source "ChessBase"]
[SourceDate "2011.11.24"]
[SourceVersion "1"]
[SourceVersionDate "2011.11.24"]
[SourceQuality "1"]
[WhiteTeam "FKMK"]
[BlackTeam "Veszprem"]
[WhiteTeamCountry "HUN"]
[BlackTeamCountry "HUN"]

1. e4 d6 2. d4 Nf6 3. Bd3 g6 4. f4 Bg7 5. Nf3 0-0 6. 0-0 e5 7. c3 exd4 8. cxd4 Nc6 9. a3 Bg4 10. Be3 Re8 11. Qc2 Bxf3 12. Rxf3 Ng4 13. h3 Nxe3 0-1

[Event "Budapest FS11 IM"]
[Site "Budapest"]
[Date "2010.11.15"]
[Round "9"]
[White "Szalanczy, Emil"]
[Black "Biro, David"]
[Result "1-0"]
[WhiteElo "2247"]
[BlackElo "2211"]
[PlyCount "55"]
[EventDate "2010.11.06"]
[EventType "tourn"]
[EventRounds "11"]
[EventCountry "HUN"]
[EventCategory "2"]
[SourceTitle "EXT 2011"]
[Source "ChessBase"]
[SourceDate "2010.11.26"]
[SourceVersion "1"]
[SourceVersionDate "2010.11.26"]
[SourceQuality "1"]

1. e4 d6 2. d4 g6 3. Nc3 Bg7 4. Bg5 c6 5. Qd2 b5 6. f4 b4 7. Nd1 Qb6 8. c3 a5 9. Nf3 Bg4 10. Ne3 Bxf3 11. gxf3 bxc3 12. bxc3 d5 13. exd5 cxd5 14. Nxd5 Qe6+ 15. Ne3 Nf6 16. Bc4 Qd7 17. Qd3 0-0 18. f5 Kh8 19. 0-0 Nc6 20. Rab1 Rac8 21. Rb5 Qa7 22. Kh1 Rcd8 23. a4 Rd6 24. Bf4 Rdd8 25. h3 Nh5 26. Bh2 Nxd4 27. cxd4 Rxd4 28. Qb1 1-0

[Event "Budapest FS11 IM"]
[Site "Budapest"]
[Date "2010.11.12"]
[Round "6"]
[White "Adams, Nick A"]
[Black "Biro, David"]
[Result "0-1"]
[WhiteElo "2277"]
[BlackElo "2211"]
[PlyCount "61"]
[EventDate "2010.11.06"]
[EventType "tourn"]
[EventRounds "11"]
[EventCountry "HUN"]
[EventCategory "2"]
[SourceTitle "EXT 2011"]
[Source "ChessBase"]
[SourceDate "2010.11.26"]
[SourceVersion "1"]
[SourceVersionDate "2010.11.26"]
[SourceQuality "1"]

1. c4 g6 2. Nc3 Bg7 3. g3 d6 4. Bg2 e5 5. d3 f5 6. e4 Ne7 7. Nge2 Nbc6 8. 0-0 0-0 9. Nd5 h6 10. Be3 Be6 11. Qd2 Kh7 12. Rac1 Qd7 13. Nxe7 Qxe7 14. exf5 Bxf5 15. d4 exd4 16. Nxd4 Bd7 17. Rfe1 Qf6 18. Nxc6 Bxc6 19. Bxc6 bxc6 20. b4 Rf7 21. b5 c5 22. Qd5 Raf8 23. Re2 Re7 24. h4 Re5 25. Qc6 Rf7 26. Rec2 Qe6 27. Rc3 Qg4 28. Qg2 Ree7 29. Kh2 Bxc3 30. Rxc3 Qe6 31. Ra3 0-1